[Event "CZE-chT2A 1920"]
[Site "Czech Republic"]
[Date "2020.06.27"]
[Round "10.1"]
[White "Horak, Martin"]
[Black "Gregor, Jiri"]
[Result "1-0"]
[WhiteElo "2329"]
[BlackElo "2193"]
[PlyCount "31"]
[EventDate "2019.10.13"]
[EventType "team-tourn"]
[EventRounds "11"]
[EventCountry "CZE"]
[SourceTitle "EXT 2024"]
[Source "ChessBase"]
[SourceDate "2023.10.10"]
[SourceVersion "1"]
[SourceVersionDate "2023.10.10"]
[SourceQuality "1"]
[WhiteTeam "Vlasim II"]
[BlackTeam "Praha Mahrla"]
[WhiteTeamCountry "CZE"]
[BlackTeamCountry "CZE"]

1. d4 d5 2. c4 e6 3. Nc3 Nf6 4. cxd5 exd5 5. Bg5 c6 6. Qc2 Be7 7. e3 Bg4 8. h3 Bh5 9. f4 h6 10. Bxf6 Bxf6 11. Bd3 Qe7 12. Kd2 Na6 13. Bxa6 bxa6 14. g4 Bg6 15. f5 Bh7 16. Nxd5 1-0

[Event "CZE-chT1W 1920"]
[Site "Czech Republic"]
[Date "2020.02.02"]
[Round "7.5"]
[White "Vltavsky, Vladimir"]
[Black "Gregor, Jiri"]
[Result "1/2-1/2"]
[WhiteElo "2192"]
[BlackElo "2192"]
[PlyCount "20"]
[EventDate "2019.10.20"]
[EventType "team-tourn"]
[EventRounds "11"]
[EventCountry "CZE"]
[SourceTitle "CBM 194 Extra"]
[Source "ChessBase"]
[SourceDate "2020.03.31"]
[SourceVersion "1"]
[SourceVersionDate "2020.03.31"]
[SourceQuality "1"]
[WhiteTeam "Turnov Zikuda II"]
[BlackTeam "Pankrac"]
[WhiteTeamCountry "CZE"]
[BlackTeamCountry "CZE"]

1. e4 c6 2. d4 d5 3. Nd2 dxe4 4. Nxe4 Nf6 5. Ng3 Qc7 6. Bd3 Nbd7 7. Nf3 e6 8. 0-0 Bd6 9. Re1 0-0 10. c3 c5 1/2-1/2

[Event "CZE-chT2A 1920"]
[Site "Czech Republic"]
[Date "2020.01.12"]
[Round "6.2"]
[White "Hurdzan, Tomas"]
[Black "Gregor, Jiri"]
[Result "1-0"]
[WhiteElo "2325"]
[BlackElo "2193"]
[PlyCount "113"]
[EventDate "2019.10.13"]
[EventType "team-tourn"]
[EventRounds "11"]
[EventCountry "CZE"]
[SourceTitle "EXT 2024"]
[Source "ChessBase"]
[SourceDate "2023.10.10"]
[SourceVersion "1"]
[SourceVersionDate "2023.10.10"]
[SourceQuality "1"]
[WhiteTeam "Klatovy"]
[BlackTeam "Praha Mahrla"]
[WhiteTeamCountry "CZE"]
[BlackTeamCountry "CZE"]

1. Nf3 Nf6 2. d4 d5 3. c4 e6 4. g3 b6 5. Bg2 Bb7 6. 0-0 Nbd7 7. cxd5 exd5 8. Nc3 a6 9. Bf4 Be7 10. Rc1 0-0 11. Qd2 Bb4 12. Qc2 Qe7 13. Bxc7 Rac8 14. Bf4 Ne4 15. Qb3 Bxc3 16. bxc3 g5 17. Be3 h6 18. Nd2 Nef6 19. Rfe1 b5 20. a4 Ng4 21. Nf1 Nb6 22. axb5 Nc4 23. Bd2 Qf6 24. Bf3 Nxf2 25. Kxf2 g4 26. Bf4 gxf3 27. exf3 axb5 28. Ne3 h5 29. Nxc4 Rxc4 30. Qxb5 Bc6 31. Qb6 Ra8 32. Qb1 Rca4 33. Re2 Bd7 34. Rce1 Bf5 35. Qb5 R4a5 36. Re8+ Kh7 37. Be5 Rxb5 38. Bxf6 Rb2+ 39. R1e2 Rxe2+ 40. Rxe2 Ra1 41. Ke3 Ra3 42. Kf4 Kg6 43. Re5 Be6 44. Be7 Rxc3 45. h4 Rc8 46. Rg5+ Kh6 47. Bf6 Ra8 48. g4 hxg4 49. fxg4 Ra1 50. Rg8 Rf1+ 51. Ke5 Re1+ 52. Kd6 Bxg4 53. Rxg4 Re6+ 54. Kxd5 Rxf6 55. Kc5 Rf1 56. d5 f5 57. Rd4 1-0

[Event "CZE-chT1W 1920"]
[Site "Czech Republic"]
[Date "2020.01.05"]
[Round "5.6"]
[White "Schula, Michal"]
[Black "Gregor, Jiri"]
[Result "1/2-1/2"]
[WhiteElo "2273"]
[BlackElo "2192"]
[PlyCount "34"]
[EventDate "2019.10.20"]
[EventType "team-tourn"]
[EventRounds "11"]
[EventCountry "CZE"]
[SourceTitle "CBM 194 Extra"]
[Source "ChessBase"]
[SourceDate "2020.03.31"]
[SourceVersion "1"]
[SourceVersionDate "2020.03.31"]
[SourceQuality "1"]
[WhiteTeam "Neratovice"]
[BlackTeam "Pankrac"]
[WhiteTeamCountry "CZE"]
[BlackTeamCountry "CZE"]

1. e4 c5 2. Nf3 Nc6 3. d4 cxd4 4. Nxd4 Qc7 5. Nc3 e6 6. g3 a6 7. Bg2 Nf6 8. 0-0 Be7 9. Re1 0-0 10. Nxc6 dxc6 11. e5 Rd8 12. Qf3 Nd5 13. h4 Bd7 14. Bg5 Bxg5 15. hxg5 Nxc3 16. Qxc3 c5 17. Rad1 Be8 1/2-1/2

[Event "Oberliga Wuerttemberg 1920"]
[Site "Wuerttemberg"]
[Date "2019.12.15"]
[Round "5.8"]
[White "Gregor, Jiri"]
[Black "Khadempour, Farhad"]
[Result "0-1"]
[WhiteElo "2185"]
[BlackElo "2107"]
[PlyCount "90"]
[EventDate "2019.09.15"]
[EventType "team-tourn"]
[EventRounds "9"]
[EventCountry "GER"]
[SourceTitle "EXT 2021"]
[Source "ChessBase"]
[SourceDate "2020.10.23"]
[SourceVersion "1"]
[SourceVersionDate "2020.10.23"]
[SourceQuality "1"]
[WhiteTeam "Weiler im Allgaeu"]
[BlackTeam "Bebenhausen"]
[WhiteTeamCountry "GER"]
[BlackTeamCountry "GER"]

1. d4 Nf6 2. c4 e6 3. Nf3 d5 4. Nc3 Nbd7 5. cxd5 exd5 6. Bg5 c6 7. e3 Bd6 8. Bd3 0-0 9. Qc2 h6 10. Bh4 Re8 11. 0-0 g5 12. Bg3 Bxg3 13. hxg3 Qe7 14. Rae1 Ne4 15. Bxe4 dxe4 16. Nd2 Nf6 17. f3 Bf5 18. g4 Bg6 19. Qb3 exf3 20. gxf3 Rad8 21. Kg2 Kg7 22. Qa3 Qxa3 23. bxa3 c5 24. Nb3 cxd4 25. Nxd4 Bd3 26. Rh1 Rc8 27. Nd1 Nd5 28. e4 Nf4+ 29. Kg3 Rh8 30. Ne3 Rc3 31. Rc1 Rxa3 32. Rc7 Bxe4 33. Nef5+ Bxf5 34. Nxf5+ Kg6 35. Rh2 h5 36. Ne7+ Kf6 37. Rd2 hxg4 38. Rxb7 Rh3+ 39. Kxg4 Raxf3 40. Ng8+ Kg7 41. Rb8 Rhg3+ 42. Kf5 Ng6+ 43. Ke4 Rf4+ 44. Kd5 Rh4 45. Rc2 Rd3+ 0-1

[Event "CZE-chT2A 1920"]
[Site "Czech Republic"]
[Date "2019.11.17"]
[Round "3.2"]
[White "Gregor, Jiri"]
[Black "Houska, Jiri"]
[Result "1/2-1/2"]
[WhiteElo "2193"]
[BlackElo "2202"]
[PlyCount "67"]
[EventDate "2019.10.13"]
[EventType "team-tourn"]
[EventRounds "11"]
[EventCountry "CZE"]
[SourceTitle "EXT 2024"]
[Source "ChessBase"]
[SourceDate "2023.10.10"]
[SourceVersion "1"]
[SourceVersionDate "2023.10.10"]
[SourceQuality "1"]
[WhiteTeam "Praha Mahrla"]
[BlackTeam "Domazlice"]
[WhiteTeamCountry "CZE"]
[BlackTeamCountry "CZE"]

1. d4 Nf6 2. c4 g6 3. Nf3 Bg7 4. Nc3 0-0 5. e4 d6 6. Be2 e5 7. 0-0 Nc6 8. d5 Ne7 9. Ne1 Nd7 10. Nd3 f5 11. exf5 Nxf5 12. f3 Nd4 13. Nf2 Nf6 14. Nfe4 Nxe4 15. Nxe4 Bf5 16. Bd3 Bxe4 17. Bxe4 Qh4 18. Be3 Bh6 19. Bf2 Qf6 20. Qd3 Rf7 21. Kh1 b6 22. b4 a5 23. a3 Qf4 24. Rad1 axb4 25. axb4 Nf5 26. g3 Qg5 27. Ra1 Rxa1 28. Rxa1 Qd2 29. Ra8+ Kg7 30. Qxd2 Bxd2 31. c5 Bxb4 32. cxb6 cxb6 33. Bxb6 Rb7 34. Ra7 1/2-1/2

[Event "CZE-chT1W 1920"]
[Site "Czech Republic"]
[Date "2019.11.10"]
[Round "2.2"]
[White "Mach, Petr"]
[Black "Gregor, Jiri"]
[Result "1/2-1/2"]
[WhiteElo "2050"]
[BlackElo "2192"]
[PlyCount "60"]
[EventDate "2019.10.20"]
[EventType "team-tourn"]
[EventRounds "11"]
[EventCountry "CZE"]
[SourceTitle "CBM 193 Extra"]
[Source "ChessBase"]
[SourceDate "2020.01.31"]
[SourceVersion "1"]
[SourceVersionDate "2020.01.31"]
[SourceQuality "1"]
[WhiteTeam "Unichess"]
[BlackTeam "Pankrac"]
[WhiteTeamCountry "CZE"]
[BlackTeamCountry "CZE"]

1. Nf3 d5 2. e3 Nf6 3. c4 c6 4. b3 Bg4 5. h3 Bxf3 6. Qxf3 a6 7. Bb2 e6 8. Nc3 Bd6 9. d4 Nbd7 10. Bd3 0-0 11. 0-0 b5 12. cxd5 cxd5 13. a3 Qb6 14. b4 Rac8 15. Rfc1 Qb7 16. Qe2 Nb6 17. e4 Rxc3 18. Bxc3 dxe4 19. Bb1 Rd8 20. Re1 Bb8 21. Bxe4 Qc7 22. Qf3 Nxe4 23. Rxe4 Nd5 24. Bb2 Qh2+ 25. Kf1 Rc8 26. g3 Qxh3+ 27. Qg2 Qf5 28. Rc1 Rd8 29. Re2 h5 30. Qe4 Qh3+ 1/2-1/2

[Event "CZE-chT2C 1819"]
[Site "Czech Republic"]
[Date "2019.01.27"]
[Round "7.1"]
[White "Braun, Marek"]
[Black "Gregor, Jiri"]
[Result "1/2-1/2"]
[WhiteElo "2227"]
[BlackElo "2269"]
[PlyCount "20"]
[EventDate "2018.10.14"]
[EventType "team-tourn"]
[EventRounds "11"]
[EventCountry "CZE"]
[SourceTitle "EXT 2022"]
[Source "ChessBase"]
[SourceDate "2021.10.06"]
[SourceVersion "1"]
[SourceVersionDate "2021.10.06"]
[SourceQuality "1"]
[WhiteTeam "Liberec Desko"]
[BlackTeam "Praha Mahrla"]
[WhiteTeamCountry "CZE"]
[BlackTeamCountry "CZE"]

1. d4 d5 2. e3 Nf6 3. Bd3 c5 4. c3 Nc6 5. Nf3 Bg4 6. h3 Bxf3 7. Qxf3 e6 8. Nd2 a6 9. Qg3 g6 10. f4 Rc8 1/2-1/2

[Event "Ricany op-A"]
[Site "Ricany"]
[Date "2018.08.29"]
[Round "6"]
[White "Vojta, Tomas"]
[Black "Gregor, Jiri"]
[Result "1-0"]
[WhiteElo "2349"]
[BlackElo "2278"]
[PlyCount "93"]
[EventDate "2018.08.25"]
[EventType "swiss"]
[EventRounds "9"]
[EventCountry "CZE"]
[SourceTitle "EXT 2019"]
[Source "ChessBase"]
[SourceDate "2018.10.10"]
[SourceVersion "1"]
[SourceVersionDate "2018.10.10"]
[SourceQuality "1"]

1. d4 Nf6 2. c3 d5 3. Bf4 Bf5 4. e3 c6 5. Nd2 Nbd7 6. h3 h6 7. Ngf3 e6 8. Be2 Be7 9. 0-0 0-0 10. b4 a5 11. a3 Ra7 12. Qc1 b6 13. Qb2 Qa8 14. b5 c5 15. c4 Ne4 16. Nxe4 Bxe4 17. Nd2 dxc4 18. Nxe4 Qxe4 19. Bxc4 Bf6 20. f3 Qg6 21. Rad1 cxd4 22. exd4 Rd8 23. Qb3 Be7 24. g4 Qf6 25. Bg3 Nf8 26. Be5 Qh4 27. Kg2 Bd6 28. f4 Rad7 29. d5 Bxe5 30. fxe5 Ng6 31. dxe6 Nf4+ 32. Rxf4 Rxd1 33. exf7+ Kf8 34. Rf2 R1d2 35. Be2 R8d3 36. Qxd3 Rxd3 37. Bxd3 Qd8 38. Bc4 Qd4 39. e6 Qe4+ 40. Rf3 a4 41. Bd5 Qe2+ 42. Rf2 Qe5 43. Rd2 Qe3 44. Rc2 Qe5 45. Rd2 Ke7 46. Bf3 Kf8 47. Rf2 1-0

[Event "Prague Golden op 14th"]
[Site "Prague"]
[Date "2018.07.06"]
[Round "7"]
[White "Gregor, Jiri"]
[Black "Krivanek, Vladimir"]
[Result "1-0"]
[WhiteElo "2290"]
[BlackElo "2109"]
[PlyCount "95"]
[EventDate "2018.06.30"]
[EventType "swiss"]
[EventRounds "9"]
[EventCountry "CZE"]
[SourceTitle "CBM 185 Extra"]
[Source "ChessBase"]
[SourceDate "2018.07.29"]
[SourceVersion "1"]
[SourceVersionDate "2018.07.29"]
[SourceQuality "1"]

1. d4 e6 2. c4 d5 3. Nf3 a6 4. e3 Nf6 5. a3 Nbd7 6. Nc3 Be7 7. b3 0-0 8. Bd3 c5 9. 0-0 Qc7 10. Bb2 b5 11. cxb5 c4 12. bxc4 dxc4 13. Be2 Rb8 14. a4 Nd5 15. Nd2 Bb4 16. Qc2 axb5 17. axb5 N7b6 18. Rfc1 Bd7 19. e4 Nf4 20. Bf1 e5 21. dxe5 Qxe5 22. Nd5 Nh3+ 23. gxh3 Qg5+ 24. Kh1 Nxd5 25. Nf3 Qh5 26. exd5 c3 27. Bxc3 Rfc8 28. Qd3 Bxb5 29. Qe3 Bxf1 30. Bxb4 Rxc1 31. Rxc1 Qxh3 32. Ne1 Qd7 33. Qd4 h5 34. f3 Re8 35. Rc2 Be2 36. Qf2 Ba6 37. d6 Qb5 38. Rb2 Qc6 39. h3 Bc8 40. Kh2 Qd7 41. Qg3 Re6 42. Rg2 Rg6 43. Qh4 Rh6 44. Nd3 Qf5 45. Nf4 Kh7 46. Qg5 Qxg5 47. Rxg5 Rf6 48. Rxh5+ 1-0

[Event "Prague Golden op 14th"]
[Site "Prague"]
[Date "2018.07.02"]
[Round "3"]
[White "Gregor, Jiri"]
[Black "Groh, Jiri"]
[Result "1-0"]
[WhiteElo "2290"]
[BlackElo "2097"]
[PlyCount "95"]
[EventDate "2018.06.30"]
[EventType "swiss"]
[EventRounds "9"]
[EventCountry "CZE"]
[SourceTitle "CBM 185 Extra"]
[Source "ChessBase"]
[SourceDate "2018.07.29"]
[SourceVersion "1"]
[SourceVersionDate "2018.07.29"]
[SourceQuality "1"]

1. d4 d5 2. Nf3 Nf6 3. c4 e6 4. Nc3 Be7 5. Bg5 0-0 6. e3 h6 7. Bh4 b6 8. cxd5 Nxd5 9. Bxe7 Qxe7 10. Rc1 Bb7 11. Bd3 Rc8 12. 0-0 Nd7 13. Nxd5 Bxd5 14. Ba6 Rd8 15. Rxc7 Qd6 16. Rc3 Bxa2 17. b3 Qa3 18. Qe2 Qb4 19. Qc2 Qa5 20. Be2 Nf6 21. Ra1 Nd5 22. Rc4 Bxb3 23. Qb2 Qb5 24. Rcc1 Qb4 25. Nd2 Rdc8 26. Nxb3 Nc3 27. Bf3 Rab8 28. Rxa7 Na4 29. Rxa4 Qxa4 30. Rb1 Qb4 31. g3 Rc7 32. Nd2 Qa5 33. Kg2 b5 34. Nb3 Qa7 35. Nc5 Qb6 36. Qb4 e5 37. h4 exd4 38. exd4 Ra7 39. Rb2 Qd6 40. d5 Rc7 41. Nd3 Qf6 42. Qa5 Qc3 43. Rxb5 Qxa5 44. Rxa5 Rc3 45. Nc5 Rc2 46. d6 Rd2 47. Nb7 Rb2 48. d7 1-0

[Event "Prague Golden op 14th"]
[Site "Prague"]
[Date "2018.06.30"]
[Round "1"]
[White "Gregor, Jiri"]
[Black "Fiser, Jiri1"]
[Result "1-0"]
[WhiteElo "2290"]
[BlackElo "1914"]
[PlyCount "51"]
[EventDate "2018.06.30"]
[EventType "swiss"]
[EventRounds "9"]
[EventCountry "CZE"]
[SourceTitle "CBM 185 Extra"]
[Source "ChessBase"]
[SourceDate "2018.07.29"]
[SourceVersion "1"]
[SourceVersionDate "2018.07.29"]
[SourceQuality "1"]

1. d4 f5 2. Nh3 Nf6 3. Bg5 d5 4. e3 e6 5. Nf4 Bd6 6. h4 Qe7 7. Bd3 Nc6 8. c3 Bd7 9. Nd2 0-0-0 10. Nf3 Qf7 11. Qc2 h6 12. Bxf6 Qxf6 13. h5 Ne7 14. 0-0-0 e5 15. dxe5 Bxe5 16. Nxe5 Qxe5 17. Be2 c5 18. Rd2 Bc6 19. Rhd1 Rd7 20. Qb3 Rhd8 21. Bf3 Kb8 22. g3 Rd6 23. Nd3 c4 24. Qxb7+ Kxb7 25. Nxe5 Be8 26. Nxc4 1-0

[Event "Prague Menchik Memorial rapid"]
[Site "Prague"]
[Date "2018.06.10"]
[Round "5"]
[White "Gregor, Jiri"]
[Black "Steiner, Juraj"]
[Result "1-0"]
[WhiteElo "2290"]
[BlackElo "2001"]
[PlyCount "69"]
[EventDate "2018.06.10"]
[EventType "swiss (rapid)"]
[EventRounds "9"]
[EventCountry "CZE"]
[SourceTitle "CBM 184 Extra"]
[Source "ChessBase"]
[SourceDate "2018.06.28"]
[SourceVersion "1"]
[SourceVersionDate "2018.06.28"]
[SourceQuality "1"]

1. d4 Nf6 2. c4 e6 3. Nf3 Bb4+ 4. Nbd2 0-0 5. a3 Be7 6. e3 c5 7. dxc5 Bxc5 8. b4 Be7 9. Bb2 Qc7 10. Bd3 d6 11. 0-0 b6 12. Qc2 h6 13. Nd4 Bb7 14. Rac1 a6 15. Qb1 Nbd7 16. Rfd1 Rac8 17. h3 Qb8 18. Bf1 Rfe8 19. Qa1 Bf8 20. Ne2 e5 21. Ng3 d5 22. cxd5 Nxd5 23. Nc4 a5 24. bxa5 bxa5 25. Nxa5 Qa7 26. Nxb7 Qxb7 27. Rxc8 Rxc8 28. Bxe5 Qb3 29. Bd4 Bxa3 30. Bxg7 Nc3 31. Bxc3 Rxc3 32. Rxd7 Rxe3 33. Rd8+ Kh7 34. Qh8+ Kg6 35. Rg8# 1-0

[Event "CZE-chT2B 1718"]
[Site "Czech Republic"]
[Date "2018.03.18"]
[Round "10.2"]
[White "Gregor, Jiri"]
[Black "Krivanek, Vladimir"]
[Result "1-0"]
[WhiteElo "2207"]
[BlackElo "2098"]
[PlyCount "81"]
[EventDate "2017.10.15"]
[EventType "team-tourn"]
[EventRounds "11"]
[EventCountry "CZE"]
[SourceTitle "EXT 2022"]
[Source "ChessBase"]
[SourceDate "2021.10.06"]
[SourceVersion "1"]
[SourceVersionDate "2021.10.06"]
[SourceQuality "1"]
[WhiteTeam "Litomerice"]
[BlackTeam "Bakov nad Jizerou"]
[WhiteTeamCountry "CZE"]
[BlackTeamCountry "CZE"]

1. d4 Nf6 2. c4 b6 3. Nc3 Bb7 4. f3 d6 5. e4 Nbd7 6. Be3 g6 7. Qd2 c5 8. d5 h6 9. Be2 Ne5 10. Nh3 Bc8 11. Nf2 Bg7 12. h3 Ba6 13. b3 g5 14. g3 Ng6 15. f4 gxf4 16. gxf4 h5 17. Rg1 Rg8 18. 0-0-0 Qc7 19. Nd3 0-0-0 20. Kc2 Kb8 21. a4 Ka8 22. Bf3 Bb7 23. a5 bxa5 24. Nb5 Qb6 25. Ra1 Ne8 26. Rxa5 a6 27. b4 Nh4 28. Bh1 Rc8 29. bxc5 dxc5 30. Rb1 Nd6 31. Nxd6 Qxd6 32. Nxc5 Rxc5 33. Bxc5 Qc7 34. e5 Qc8 35. Rxb7 Qxb7 36. d6 Nf3 37. Qe3 Nd4+ 38. Bxd4 Qxh1 39. Rxa6+ Kb7 40. Qb3+ Kc8 41. d7+ 1-0

[Event "CZE-chT2B 1718"]
[Site "Czech Republic"]
[Date "2018.01.28"]
[Round "7.2"]
[White "Gregor, Jiri"]
[Black "Soukup, Vaclav"]
[Result "1-0"]
[WhiteElo "2207"]
[BlackElo "2144"]
[PlyCount "125"]
[EventDate "2017.10.15"]
[EventType "team-tourn"]
[EventRounds "11"]
[EventCountry "CZE"]
[SourceTitle "EXT 2022"]
[Source "ChessBase"]
[SourceDate "2021.10.06"]
[SourceVersion "1"]
[SourceVersionDate "2021.10.06"]
[SourceQuality "1"]
[WhiteTeam "Litomerice"]
[BlackTeam "Zizkov"]
[WhiteTeamCountry "CZE"]
[BlackTeamCountry "CZE"]

1. d4 Nf6 2. c4 e6 3. Nf3 d5 4. Nc3 Be7 5. Bg5 Nbd7 6. e3 0-0 7. Rc1 b6 8. cxd5 exd5 9. Bd3 Bb7 10. 0-0 c5 11. a3 Ne4 12. Bxe7 Qxe7 13. dxc5 bxc5 14. Bb1 Ndf6 15. Qa4 Rfd8 16. h3 Rd6 17. Rfd1 Rb6 18. Qc2 Rc8 19. Ba2 Rd8 20. Nxe4 Nxe4 21. Nd2 Nxf2 22. Kxf2 Qf6+ 23. Kg1 Rxb2 24. Ne4 Qb6 25. Qxc5 Rxa2 26. Qxb6 axb6 27. Nc3 Rxa3 28. Nxd5 Bxd5 29. Rxd5 Re8 30. Re5 Kf8 31. Rb5 Re6 32. Rcb1 Ra6 33. R1b2 Ke7 34. R5b3 Kd7 35. Rf2 f6 36. Rc2 Rc6 37. Rd2+ Rd6 38. Rdb2 h5 39. Kf2 Rc6 40. Rd3+ Rd6 41. Rc3 Rd5 42. e4 Rc5 43. Rxc5 bxc5 44. Rb7+ Kd6 45. Rxg7 Ke5 46. Rh7 Kxe4 47. Rxh5 Ra2+ 48. Ke1 Ke3 49. Kd1 Rd2+ 50. Kc1 c4 51. Rf5 Rf2 52. Rxf2 Kxf2 53. h4 Kxg2 54. h5 f5 55. h6 f4 56. h7 f3 57. h8Q f2 58. Qg7+ Kh1 59. Qf6 Kg2 60. Qg5+ Kf1 61. Kd2 c3+ 62. Ke3 c2 63. Kf3 1-0

[Event "CZE-chT1W 1718"]
[Site "Czech Republic"]
[Date "2018.01.07"]
[Round "5.3"]
[White "Prymula, Roman"]
[Black "Gregor, Jiri"]
[Result "0-1"]
[WhiteElo "2227"]
[BlackElo "2207"]
[PlyCount "66"]
[EventDate "2017.10.29"]
[EventType "team-tourn"]
[EventRounds "11"]
[EventCountry "CZE"]
[SourceTitle "EXT 2019"]
[Source "ChessBase"]
[SourceDate "2018.10.10"]
[SourceVersion "1"]
[SourceVersionDate "2018.10.10"]
[SourceQuality "1"]
[WhiteTeam "Hradec Kralove Slavia"]
[BlackTeam "Neratovice II"]
[WhiteTeamCountry "CZE"]
[BlackTeamCountry "CZE"]

1. d4 d5 2. Bg5 h6 3. Bh4 c6 4. c3 Bf5 5. e3 Nd7 6. f4 Ngf6 7. Nf3 Qb6 8. Qb3 e6 9. Nbd2 Ng4 10. Bf2 Nxf2 11. Qxb6 axb6 12. Kxf2 b5 13. Be2 Bd6 14. a3 Nb6 15. Rhc1 0-0 16. Ne1 Nc4 17. Nxc4 bxc4 18. g4 Be4 19. Bf3 f5 20. h4 g5 21. hxg5 hxg5 22. gxf5 Bxf5 23. fxg5 Rf7 24. Bg2 Raf8 25. Kg1 Bg4 26. Nc2 Bg3 27. Rf1 Bf2+ 28. Rxf2 Rxf2 29. Rc1 Rd2 30. e4 Bf3 31. Bh3 Bxe4 32. Bxe6+ Kg7 33. Ne3 Rh8 0-1

[Event "CZE-ch blitz"]
[Site "Prague"]
[Date "2017.12.30"]
[Round "3"]
[White "Pulpan, Jakub"]
[Black "Gregor, Jiri"]
[Result "1-0"]
[WhiteElo "2400"]
[BlackElo "2245"]
[PlyCount "37"]
[EventDate "2017.12.30"]
[EventType "swiss (blitz)"]
[EventRounds "15"]
[EventCountry "CZE"]
[SourceTitle "CBM 182 Extra"]
[Source "ChessBase"]
[SourceDate "2018.02.23"]
[SourceVersion "1"]
[SourceVersionDate "2018.02.23"]
[SourceQuality "1"]

1. e4 c6 2. d4 d5 3. e5 Bf5 4. Nf3 e6 5. Be2 c5 6. 0-0 Nc6 7. Be3 Qb6 8. Nc3 cxd4 9. Nxd4 Nxd4 10. Bxd4 Qc7 11. Bb5+ Kd8 12. Qf3 Ne7 13. Bd3 a6 14. Nxd5 Nxd5 15. Bxf5 Bc5 16. Bxc5 Qxc5 17. Be4 Ke7 18. c4 Nb6 19. Qg3 1-0

[Event "CZE-chT1W 1718"]
[Site "Czech Republic"]
[Date "2017.12.10"]
[Round "4.5"]
[White "Gregor, Jiri"]
[Black "Vrbata, Zbynek"]
[Result "1/2-1/2"]
[WhiteElo "2207"]
[BlackElo "2331"]
[PlyCount "87"]
[EventDate "2017.10.29"]
[EventType "team-tourn"]
[EventRounds "11"]
[EventCountry "CZE"]
[SourceTitle "EXT 2019"]
[Source "ChessBase"]
[SourceDate "2018.10.10"]
[SourceVersion "1"]
[SourceVersionDate "2018.10.10"]
[SourceQuality "1"]
[WhiteTeam "Neratovice II"]
[BlackTeam "Unichess"]
[WhiteTeamCountry "CZE"]
[BlackTeamCountry "CZE"]

1. d4 Nf6 2. c4 g6 3. Nc3 Bg7 4. e4 d6 5. Be2 0-0 6. Nf3 e5 7. 0-0 Nbd7 8. Re1 exd4 9. Nxd4 Re8 10. Bf1 c6 11. Kh1 Nc5 12. f3 Nh5 13. g4 Nf6 14. Be3 Nfd7 15. Qd2 Ne5 16. Rad1 Ne6 17. Qg2 Nxd4 18. Bxd4 Qf6 19. Be2 g5 20. Qg3 Be6 21. b3 h6 22. Na4 b6 23. Rd2 Rad8 24. Red1 Qe7 25. Bb2 Rd7 26. Nc3 Red8 27. Nd5 cxd5 28. cxd5 Ng6 29. Bxg7 Kxg7 30. dxe6 Qxe6 31. Bb5 Rc7 32. Bc4 Qf6 33. Rxd6 Rxd6 34. Rxd6 Qa1+ 35. Qg1 Qxg1+ 36. Kxg1 Ne5 37. Be2 Rc2 38. Kf2 Rxa2 39. b4 f6 40. b5 Kf7 41. Rd8 Ke7 42. Rh8 Nf7 43. Rc8 Ne5 44. Rh8 1/2-1/2

[Event "CZE-chT2B 1718"]
[Site "Czech Republic"]
[Date "2017.12.03"]
[Round "4.2"]
[White "Dufek, Jiri"]
[Black "Gregor, Jiri"]
[Result "1-0"]
[WhiteElo "2306"]
[BlackElo "2207"]
[PlyCount "137"]
[EventDate "2017.10.15"]
[EventType "team-tourn"]
[EventRounds "11"]
[EventCountry "CZE"]
[SourceTitle "EXT 2022"]
[Source "ChessBase"]
[SourceDate "2021.10.06"]
[SourceVersion "1"]
[SourceVersionDate "2021.10.06"]
[SourceQuality "1"]
[WhiteTeam "Teplice"]
[BlackTeam "Litomerice"]
[WhiteTeamCountry "CZE"]
[BlackTeamCountry "CZE"]

1. d4 Nf6 2. c4 c5 3. d5 d6 4. Nc3 g6 5. e4 Bg7 6. Nge2 Na6 7. Ng3 Nc7 8. Be2 Rb8 9. 0-0 0-0 10. Be3 b6 11. Rb1 e6 12. a3 exd5 13. cxd5 Re8 14. Qd2 Ng4 15. Bf4 b5 16. h3 Ne5 17. b4 a6 18. Be3 Nd7 19. Rfc1 c4 20. a4 Ne5 21. f4 Nd7 22. Bf3 Nf8 23. Nge2 f5 24. Nd4 Bd7 25. axb5 Nxb5 26. Ncxb5 axb5 27. exf5 gxf5 28. Nc6 Bxc6 29. dxc6 Kh8 30. Ba7 Ra8 31. Bd4 Rc8 32. Bxg7+ Kxg7 33. Qd5 Qb6+ 34. Kh1 Ne6 35. Qxf5 Qe3 36. Be4 Nf8 37. Bd5 Qg3 38. Bf3 Ng6 39. Qxb5 Nxf4 40. Rxc4 d5 41. Rxf4 Qxf4 42. Qxd5 Rc7 43. Qh5 Re5 44. Qg4+ Qxg4 45. hxg4 Rb5 46. Be4 Kf6 47. Bd3 Rb6 48. b5 Ke5 49. Kh2 Kd4 50. Bf1 Rb8 51. Rc1 Kd5 52. Kg3 Kd6 53. Be2 Re7 54. Bf1 Kc7 55. Ra1 Kb6 56. Ra6+ Kc5 57. Ra3 Kb6 58. Rf3 Rg8 59. Kh3 Rgg7 60. Rf5 Re3+ 61. Rf3 Re4 62. Rf8 Rexg4 63. Rb8+ Kc7 64. Rb7+ Kd6 65. c7 Kd7 66. b6 R4g6 67. Kh2 Rg5 68. Rb8 Rg8 69. Bb5+ 1-0

[Event "Prague Pankrac Cup"]
[Site "Prague"]
[Date "2017.09.19"]
[Round "1"]
[White "Gregor, Jiri"]
[Black "Vykouk, Jan"]
[Result "0-1"]
[WhiteElo "2210"]
[BlackElo "2440"]
[PlyCount "72"]
[EventDate "2017.09.19"]
[EventType "swiss"]
[EventRounds "7"]
[EventCountry "CZE"]
[SourceTitle "EXT 2019"]
[Source "ChessBase"]
[SourceDate "2018.10.10"]
[SourceVersion "1"]
[SourceVersionDate "2018.10.10"]
[SourceQuality "1"]

1. e4 c5 2. Nf3 d6 3. d4 cxd4 4. Nxd4 Nf6 5. Nc3 a6 6. f3 e6 7. Be3 Be7 8. Qd2 Qc7 9. g4 b5 10. 0-0-0 0-0 11. Kb1 Nfd7 12. Qf2 Ne5 13. Rg1 b4 14. Nce2 Nc4 15. Bc1 Nd7 16. g5 Rb8 17. f4 e5 18. Nf5 Na3+ 19. bxa3 bxa3+ 20. Ka1 Qxc2 21. Nxe7+ Kh8 22. Bxa3 Qxd1+ 23. Nc1 Nc5 24. Bg2 Qa4 25. Bxc5 dxc5 26. Qxc5 Be6 27. f5 Bc4 28. f6 g6 29. Qf2 Be2 30. Qc5 Bc4 31. Qf2 Qb4 32. Qc2 Bd3 33. Nxd3 Qd4+ 34. Nb2 Qxg1+ 35. Nd1 Qd4+ 36. Nb2 Rxb2 0-1